[Event "16th Nikea Open"]
[Site "Athens GRE"]
[Date "2008.09.01"]
[Round "9"]
[White "Panagiotakos,N"]
[Black "Asimakopoulos,K"]
[Result "1-0"]
[WhiteElo "2125"]
[BlackElo "1833"]

1.e4 g6 2.d4 Bg7 3.Nc3 c6 4.f4 d5 5.e5 h5 6.Nf3 Nh6 7.Bd3 Bf5 8.O-O e6 9.Be3 Bxd3
10.Qxd3 Nf5 11.Bf2 Nd7 12.Ne2 Qe7 13.b4 O-O 14.Ng3 Nxg3 15.Bxg3 Nb6 16.c3 Nc4
17.Bh4 Qc7 18.h3 a5 19.a3 Ra7 20.g4 hxg4 21.hxg4 axb4 22.axb4 Rfa8 23.Rxa7 Rxa7
24.f5 exf5 25.gxf5 gxf5 26.Ng5 f6 27.exf6 Bxf6 28.Qxf5 Bxg5 29.Qf8+ Kh7 30.Rf7+ Qxf7
31.Qxf7+ Kh6 32.Bxg5+ Kxg5 33.Kf2 Ra2+ 34.Kg3 Ra3 35.Qf4+ Kg6 36.Qf3 Kg5
37.Qg4+ Kf6 38.Kf4 Rxc3 39.Qf5+ Ke7 40.Qh7+ Kd6 41.Qxb7 Rd3 42.Qa7 Rb3 43.Kf5 Rf3+
44.Kg6 Ke6 45.Qc7 Nd6 46.Qxc6 Rb3 47.Qb6 Rg3+ 48.Kh6 Rg1 49.Qc6 Rb1 50.Qc3 Rh1+
51.Kg6 Rg1+ 52.Kh5 Rg8 53.Qe3+ Ne4 54.b5 Rb8 55.Qh3+ Ke7 56.Qh4+ Ke6 57.Qg4+ Kf7
58.Qg6+ Ke7 59.Qg7+ Kd8 60.Qh8+ Kc7 61.Qe5+ Kc8 62.Qe8+  1-0

[Event "Open A"]
[Site "Graz SUI"]
[Date "2008.09.02"]
[Round "4"]
[White "Zakharchenko,A"]
[Black "Mohr,G"]
[Result "0-1"]
[WhiteElo "2271"]
[BlackElo "2494"]

1.d4 g6 2.e4 Bg7 3.Nc3 c6 4.f4 d5 5.e5 h5 6.Nf3 Nh6 7.Be3 Bg4 8.Be2 Nf5 9.Bf2 e6
10.Qd2 Nd7 11.g3 Bf8 12.O-O-O Qa5 13.h3 Bxf3 14.Bxf3 Nb6 15.Be2 Bb4 16.Qd3 Nc4
17.Nb1 Qxa2 18.Qb3 Qxb3 19.cxb3 Na5 20.g4 Nxb3+ 21.Kc2 Na1+ 22.Kd3 Ne7 23.Nd2 Bxd2
24.Kxd2 Nb3+ 25.Kc3 Na5 26.Bh4 Nc4 27.Bf6 Rh7 28.b3 Na3 29.Kd3 Nb5 30.Rc1 Kd7
31.Ke3 Nc7 32.Bd3 Rg8 33.Rcg1 Ne8 34.f5 hxg4 35.hxg4 Rxh1 36.Rxh1 exf5 37.Rh7 Ke6
38.g5 Nc8 39.Rh1 Nc7 40.Rh7 Nb6 41.Rh1 Nd7 42.Rh7 a5 43.Rh1 Ra8 44.Ra1 b6
45.Kf4 Nxf6 46.gxf6 Rh8 47.Ke3 Kd7 48.Kd2 Rh2+ 49.Kc3 Rh3  0-1

[Event "Open"]
[Site "Herzliya ISR"]
[Date "2008.09.03"]
[Round "2"]
[White "Axelrod,A"]
[Black "Bitansky,I"]
[Result "0-1"]
[WhiteElo "2274"]
[BlackElo "2431"]

1.e4 g6 2.d4 Bg7 3.Nc3 c6 4.Bc4 d6 5.Nf3 Nf6 6.e5 dxe5 7.Nxe5 O-O 8.h4 Nbd7
9.Bf4 Nh5 10.Bh2 Nxe5 11.dxe5 Qxd1+ 12.Rxd1 Bh6 13.Ne2 Bf5 14.Bb3 a5 15.a4 Rad8
16.O-O Bd2 17.f3 Ng7 18.Bf4 Bxf4 19.Nxf4 Ne6 20.Nxe6 Bxe6 21.Bxe6 fxe6 22.Kf2 Rd5
23.c4 Rxe5 24.Rd7 Kf7 25.Rfd1 b5 26.Rc7 bxc4 27.Rdd7 Re8 28.Rxc6 Rb8 29.Rcc7 Rxb2+
30.Kg3 Ree2 31.Rxe7+ Kf6 32.Rxh7 Ke5 33.Rc5+ Kd4 34.Rxa5 e5 35.Rd7+ Kc3 36.Kh3 Kb4
37.Rb5+ Kxa4 38.Rxb2 Rxb2 39.Rd6 c3 40.Rxg6 Rb4 41.Ra6+ Kb3 42.Ra1 c2 43.g4 Rd4
44.Rc1 Rd1 45.Rxc2 Kxc2 46.g5 Kd3 47.Kg4 e4 48.fxe4 Kxe4 49.Kh5 Kf5 50.Kh6 Rd6+
51.Kh7 Rg6 52.h5 Rxg5 53.h6 Rg6  0-1

[Event "MCF GM"]
[Site "Kuala Lumpur MAS"]
[Date "2008.09.03"]
[Round "9"]
[White "Zhang Xiaowen"]
[Black "Rahman,Zia"]
[Result "0-1"]
[WhiteElo "2382"]
[BlackElo "2564"]

1.e4 g6 2.d4 Bg7 3.Nc3 c6 4.Nf3 d6 5.a4 Nf6 6.h3 O-O 7.Be3 Nbd7 8.a5 Qc7
9.Be2 e5 10.d5 cxd5 11.Nb5 Qb8 12.exd5 a6 13.Na3 b5 14.axb6 Nxb6 15.c4 Bd7
16.b3 Ne4 17.Qc2 f5 18.O-O a5 19.Ra2 Nc5 20.Nd2 Na6 21.Qd1 Nb4 22.Ra1 e4
23.f4 Be8 24.Qe1 Bxa1 25.Qxa1 Nd7 26.g4 Nc5 27.gxf5 gxf5 28.Kh2 Bg6 29.h4 Qd8
30.Kh3 a4 31.Qc3 axb3 32.Qxb4 Ra4 33.Qc3 Rxa3 34.h5 Qa8 35.hxg6 b2 36.Qd4 hxg6
37.Kg2 Rf7 38.Rh1 Rh7 39.Rxh7 Kxh7 40.Nb1 Rb3 41.Kf2 Qd8 42.Ke1 Qh4+ 43.Kd1 Rd3+
44.Bxd3 exd3 45.Qxb2 Qh1+  0-1

[Event "17th CRO-chT 1b"]
[Site "Sibenik CRO"]
[Date "2008.09.03"]
[Round "7"]
[White "Zelic,Ml"]
[Black "Grgurevic,B"]
[Result "1-0"]
[WhiteElo "2314"]
[BlackElo "2219"]

1.e4 g6 2.d4 Bg7 3.Nc3 c6 4.Bc4 d6 5.Qf3 e6 6.Nge2 Nd7 7.O-O Ngf6 8.Be3 O-O
9.Bb3 d5 10.Ng3 Ne8 11.Nce2 Nd6 12.Rfe1 Nb6 13.Rad1 Ndc4 14.Bc1 Na5 15.Nf4 Nxb3
16.axb3 Qh4 17.Rd3 e5 18.dxe5 Bxe5 19.exd5 Bxf4 20.Qxf4 Qxf4 21.Bxf4 Nxd5
22.Bh6 Be6 23.Bxf8 Kxf8 24.Rd2 b6 25.Ne4 h6 26.Nc3 Nb4 27.Ne2 c5 28.Nf4 Bf5
29.c3 Nc6 30.f3 h5 31.Red1 Kg7 32.Kf2 Rc8 33.g3 Na5 34.Rd8 Rc7 35.Nd5 Rb7
36.b4 Nc4 37.Ne3 Nxe3 38.Kxe3 cxb4 39.cxb4 Be6 40.Rc1 a5 41.Rd4 axb4 42.Rxb4 b5
43.Rc5 Bd7 44.g4 hxg4 45.fxg4 Rb8 46.Kf4 Be8 47.h4 Rd8 48.Re4 Kf8 49.Kg5 Kg7
50.b4 Ra8 51.h5 f6+ 52.Kf4 gxh5 53.gxh5 Kh6 54.Re6 Bxh5 55.Rxf6+ Kg7 56.Kg5 Be2
57.Rc7+ Kg8 58.Re6 Bc4 59.Rd6 Re8 60.Kg6 Ra8 61.Rcd7 Kf8 62.Rd8+ Rxd8 63.Rxd8+ Ke7
64.Rc8 Be6 65.Rc5 Bc4 66.Kf5 Kd6 67.Ke4 Be2 68.Kd4 Bc4 69.Rg5 Ke6 70.Rg6+ Kf5
71.Rb6 Kf4 72.Kc5 Ke5 73.Rxb5 Bxb5 74.Kxb5  1-0

[Event "Open A"]
[Site "Graz SUI"]
[Date "2008.09.05"]
[Round "7"]
[White "Teuschler,H"]
[Black "Zakharchenko,A"]
[Result "1/2-1/2"]
[WhiteElo "2088"]
[BlackElo "2271"]

1.e4 g6 2.d4 Bg7 3.Nc3 c6 4.f4 d5 5.e5 h5 6.Nf3 Bg4 7.Be3 Nh6 8.h3 Bxf3 9.Qxf3 Nf5
10.Bf2 h4 11.Bd3 e6 12.Ne2 Nd7 13.O-O Qe7 14.c3 O-O-O 15.a4 f6 16.a5 Rdf8
17.Bxf5 gxf5 18.c4 a6 19.Rfc1 Kb8 20.b4 Qxb4 21.cxd5 cxd5 22.Rcb1 Qc4 23.Rc1 Qb4  1/2-1/2

[Event "5th LGA Premium Cup"]
[Site "Nuernberg GER"]
[Date "2008.09.05"]
[Round "3"]
[White "Mihok,O"]
[Black "Bachmann,Ax"]
[Result "0-1"]
[WhiteElo "2346"]
[BlackElo "2511"]

1.e4 g6 2.d4 Bg7 3.Nc3 c6 4.f4 d5 5.e5 h5 6.h3 Nh6 7.Be3 b5 8.a3 Na6 9.g3 Nc7
10.Bg2 a5 11.Bf3 Bd7 12.b3 Qc8 13.Kf1 f6 14.exf6 Bxf6 15.Kg2 Nf5 16.Bf2 Ne6
17.Nge2 g5 18.g4 hxg4 19.hxg4 Nh4+ 20.Bxh4 gxh4 21.Qd2 Qc7 22.Nd1 O-O-O 23.Nf2 Bxd4
24.Nxd4 Nxf4+ 25.Kf1 e5 26.Ne2 Rdf8 27.Ke1 e4 28.Nxf4 Rxf4 29.Bg2 Qe5  0-1

[Event "DMP Ekstraliga"]
[Site "Karpacz POL"]
[Date "2008.09.06"]
[Round "1"]
[White "Bobras,P"]
[Black "Sopur,L"]
[Result "1/2-1/2"]
[WhiteElo "2561"]
[BlackElo "2431"]

1.e4 g6 2.d4 Bg7 3.Nc3 c6 4.h3 d6 5.Nge2 Nf6 6.g3 O-O 7.Bg2 e5 8.O-O Na6
9.Be3 Re8 10.Re1 Be6 11.Qd2 Qc8 12.Kh2 Nc7 13.a4 Bc4 14.Rad1 b5 15.b3 Bxe2
16.Rxe2 a6 17.Qe1 Ne6  1/2-1/2

[Event "TCh-SRB 1st League"]
[Site "Subotica SRB"]
[Date "2008.09.06"]
[Round "6"]
[White "Skoko,Mil"]
[Black "Lajthajm,B"]
[Result "0-1"]
[WhiteElo "2257"]
[BlackElo "2513"]

1.e4 g6 2.d4 Bg7 3.Nc3 c6 4.Nf3 d6 5.Be2 b5 6.a4 b4 7.Nb1 Nf6 8.Nbd2 O-O
9.O-O a5 10.c4 Na6 11.Rb1 Qc7 12.Re1 Bg4 13.h3 Bxf3 14.Bxf3 Nd7 15.Nb3 Rae8
16.Qd3 c5 17.d5 Ne5 18.Qd1 Nxf3+ 19.Qxf3 Nb8 20.Nd2 e6 21.Rf1 Nd7 22.b3 Bd4
23.Bb2 e5 24.g4 Kg7 25.Kh2 Rh8 26.Rg1 Nf6 27.Rg2 h5 28.g5 Nd7 29.Qe2 Ref8
30.Nf3 Qd8 31.Bc1 Qe7 32.Bd2 Rfg8 33.Rgg1 Kf8 34.Nh4 Ke8 35.Rbf1 Kd8 36.Rg3 Kc7
37.Kh1 Rf8 38.Ng2 Rhg8 39.h4 Qe8 40.Ne1 f5 41.gxf6 Nxf6 42.Bg5 Nh7 43.Bh6 Rf7
44.Nd3 Qe7 45.Bg5 Qd7 46.Kg2 Kb6 47.f3 Qc8 48.Qd2 Qf8 49.Bh6 Qe8 50.Bg5 Kc7
51.Qe2 Nxg5 52.Rxg5 Rf6 53.Qd2 Rgf8 54.Qe2 Qf7 55.Qd1 Be3 56.Rg3 Bf4 57.Nxf4 Rxf4
58.Rh1 Qf6 59.Qe2 Rg8 60.Rgh3 g5 61.hxg5 Qxg5+ 62.Kf2 h4 63.Ke1 Rg7 64.Kd1 Qh5
65.Kc2 Rg5 66.Qf2 Qg6 67.R1h2 Rg3  0-1

[Event "I Liga Seniorow"]
[Site "Ustron POL"]
[Date "2008.09.06"]
[Round "1"]
[White "Zeberski,J"]
[Black "Wieczorek,Z"]
[Result "1-0"]
[WhiteElo "2396"]
[BlackElo "2317"]

1.e4 g6 2.d4 Bg7 3.Nc3 c6 4.f4 d5 5.e5 Nh6 6.Nf3 f6 7.Bd3 Bg4 8.h3 Bxf3 9.Qxf3 fxe5
10.fxe5 Rf8 11.Qg3 Nf5 12.Bxf5 Rxf5 13.Be3 c5 14.O-O-O cxd4 15.Bxd4 Nc6 16.Rhe1 Kf8
17.Bc5 Bxe5 18.Qd3 d4 19.Ne4 Kg7 20.g4 Bf4+ 21.Kb1 Rd5 22.Qf3 e5 23.Ba3 Qg8
24.g5 Rdd8 25.h4 Qd5 26.h5 b5 27.Rh1 b4 28.hxg6 hxg6 29.Rh7+ Kf8 30.Qh3 Qxe4
31.Qh6+ Ke8 32.Qg7  1-0

[Event "Open A"]
[Site "Graz SUI"]
[Date "2008.09.07"]
[Round "9"]
[White "Buzeti,J"]
[Black "Zakharchenko,A"]
[Result "1/2-1/2"]
[WhiteElo "2175"]
[BlackElo "2271"]

1.e4 g6 2.d4 Bg7 3.Nc3 c6 4.Bc4 d6 5.Qf3 e6 6.Be3 d5 7.Bb3 Ne7 8.Nge2 Nd7
9.a4 a5 10.O-O O-O 11.Rad1 Kh8 12.Rfe1 Ng8 13.Nf4 Ndf6 14.h3 dxe4 15.Nxe4 Nxe4
16.Qxe4 Nf6 17.Qf3 Nd5 18.Bc1 Kg8 19.c4 Nb4 20.Be3 Qf6 21.Qg3 Qf5 22.Rd2 e5
23.Ne2 Be6 24.d5 cxd5 25.cxd5 Bd7 26.Nc3 Rfc8 27.Bd1 h5 28.Bf3 Rc4 29.Be2 Rcc8
30.Bf3 Rc4 31.Be2 Rcc8 32.Bf3 Rc4  1/2-1/2

[Event "I Liga Seniorow"]
[Site "Ustron POL"]
[Date "2008.09.08"]
[Round "3"]
[White "Zezulkin,J"]
[Black "Wieczorek,Z"]
[Result "1/2-1/2"]
[WhiteElo "2448"]
[BlackElo "2317"]

1.e4 g6 2.d4 Bg7 3.Nc3 c6 4.Bc4 b5 5.Bb3 d6 6.Qf3 e6 7.Nge2 a5 8.a3 Ba6 9.d5 cxd5
10.exd5 e5 11.Ne4 h6 12.g4 Nf6 13.N2g3 Nxe4 14.Nxe4 O-O 15.Qh3 f5 16.gxf5 Bc8
17.Ng3 Rxf5 18.Qg2 Rf4 19.c3 Rh4 20.h3 Nd7 21.Bc2 Nf8 22.Be3 Qd7 23.Ne4 Qe7
24.f3 Bf5 25.Bf2 Rf4 26.Bg3 Nd7 27.h4 Rf8 28.Rd1 Kh8 29.Rd2 Nb6 30.Bxf4  1/2-1/2

[Event "I Liga Seniorow"]
[Site "Ustron POL"]
[Date "2008.09.10"]
[Round "5"]
[White "Dobrowolski,A"]
[Black "Wieczorek,Z"]
[Result "1-0"]
[WhiteElo "2357"]
[BlackElo "2317"]

1.e4 g6 2.d4 Bg7 3.Nc3 c6 4.Bc4 d6 5.Qf3 e6 6.Nge2 Nd7 7.O-O Ngf6 8.Be3 O-O
9.Qg3 e5 10.f4 exd4 11.Nxd4 Nc5 12.e5 Ng4 13.exd6 Qxd6 14.Rad1 Qc7 15.b4 Nxe3
16.Qxe3 Nd7 17.f5 Nf6 18.Qg5 Kh8 19.Rf4 Nh5 20.Rf3 Qd8 21.Qg4 Qb6 22.Qh4 Bxf5
23.Kh1 Rad8 24.Nxf5 Bxc3 25.Nd6 Rxd6 26.Rxd6 Qxb4 27.Rd8 Bf6 28.Rxf8+ Qxf8
29.Qf2 Qd6 30.g4 Bd4 31.Qe2 Nf6 32.g5 Ng8 33.Qe8 Qb4 34.Bxf7 Qb1+ 35.Kg2  1-0

[Event "VII Open"]
[Site "Bergamo ITA"]
[Date "2008.09.12"]
[Round "2"]
[White "Vincenzi,M"]
[Black "Todorov,T"]
[Result "0-1"]
[WhiteElo "2123"]
[BlackElo "2504"]

1.e4 g6 2.d4 Bg7 3.Nc3 c6 4.Be3 d6 5.g3 Nf6 6.h3 O-O 7.Bg2 e5 8.Nge2 b5 9.O-O Bb7
10.Kh2 Nbd7 11.f4 b4 12.dxe5 dxe5 13.Na4 exf4 14.gxf4 Qa5 15.c3 Rfe8 16.cxb4 Qxb4
17.Nac3 Nxe4 18.Nxe4 Rxe4 19.Bxe4 Qxe4 20.Ng3 Qxe3 21.Qxd7 Qb6 22.Rae1 Rf8
23.b3 Ba6 24.Rf3 Qa5 25.Rfe3 Qxa2+ 26.Kh1 Bb5 27.Ne4 a5 28.Ng5 a4 29.bxa4 Bc4
30.Kg1 Bd5 31.Nf3 Bd4 32.Re2 Qxe2  0-1

[Event "II ROMGAZ Open"]
[Site "Bucharest ROU"]
[Date "2008.09.13"]
[Round "3"]
[White "Sandu,Mi"]
[Black "Chatalbashev,B"]
[Result "1-0"]
[WhiteElo "2288"]
[BlackElo "2596"]

1.e4 g6 2.d4 Bg7 3.Nc3 c6 4.Nf3 d6 5.Be3 Qb6 6.Qd2 Qxb2 7.Rb1 Qa3 8.Bc4 Nf6
9.O-O O-O 10.Ng5 Nbd7 11.f4 Nb6 12.Bb3 d5 13.f5 dxe4 14.fxg6 hxg6 15.Ncxe4 Nbd5
16.Qe1 Nxe4 17.Nxe4 Bf5 18.Ng5 f6 19.Rxf5 gxf5 20.Ne6 Rf7 21.c4 Nxe3 22.Qxe3 c5
23.Qf4 cxd4 24.Qxf5 d3 25.Qxd3 Qd6 26.Qh3 b6 27.c5 bxc5 28.Qg4 f5 29.Qh5 c4
30.Bxc4 Rc8 31.Bb3 Qb6+ 32.Kh1 Rc4 33.Ng5 Rc8  1-0

[Event "I Liga Seniorow"]
[Site "Ustron POL"]
[Date "2008.09.13"]
[Round "8"]
[White "Owczarzak,J"]
[Black "Wieczorek,Z"]
[Result "0-1"]
[WhiteElo "2343"]
[BlackElo "2317"]

1.e4 g6 2.d4 Bg7 3.Nc3 c6 4.Bc4 d6 5.Qf3 e6 6.Nge2 Nd7 7.Bb3 Ngf6 8.Bg5 h6
9.Bh4 e5 10.O-O-O O-O 11.h3 b5 12.d5 c5 13.Nxb5 Nb6 14.Bxf6 Bxf6 15.Qd3 Ba6
16.Bc4 Nxc4 17.Qxc4 Rb8 18.a4 Qa5 19.Nec3 Bxb5 20.axb5 a6 21.Qa2 Qb4 22.bxa6 Bg5+
23.Kb1 Rb6 24.Na4 Rxa6 25.b3 Rb8 26.Ka1 Qxe4 27.f3 Qb4 28.Rhe1 f5 29.c3 Qxb3  0-1

[Event "4th Pichay Cup"]
[Site "Manila PHI"]
[Date "2008.09.16"]
[Round "5"]
[White "Nolte,R"]
[Black "Nouri,H"]
[Result "1-0"]
[WhiteElo "2522"]
[BlackElo "2363"]

1.e4 g6 2.d4 Bg7 3.Nc3 c6 4.Nf3 d6 5.Be2 Nd7 6.O-O e5 7.a4 Ngf6 8.b3 exd4
9.Nxd4 O-O 10.Re1 Re8 11.Bf1 Nc5 12.f3 a5 13.Be3 Qb6 14.Qd2 Bd7 15.Rad1 Rad8
16.Qf2 Bc8 17.Nde2 Bf8 18.Bd4 Nfd7 19.Kh1 Qc7 20.g3 Ne6 21.Be3 Bg7 22.Bh3 Ndc5
23.g4 Qe7 24.Bg2 Nc7 25.Bd4 Be5 26.h3 N7e6 27.Be3 Bg7 28.f4 Nf8 29.e5 Na6
30.Bb6 dxe5 31.Bxd8 Rxd8 32.Rxd8 Qxd8 33.Rd1 Qe7 34.f5 Nb4 35.Ne4 Nd7 36.Nd6 Qf8
37.Ng3 Nf6 38.c4 h6 39.Nxc8 Qxc8 40.fxg6 fxg6 41.Ne4 Nxe4 42.Bxe4 Qe6 43.Rd8+ Kh7
44.Qd2 Qf6 45.Rd6  1-0

[Event "EYb12"]
[Site "Herceg Novi MNE"]
[Date "2008.09.17"]
[Round "3"]
[White "Cabarkapa,N"]
[Black "Samdanov,S"]
[Result "1-0"]
[WhiteElo "1971"]
[BlackElo "1718"]

1.e4 g6 2.d4 Bg7 3.Nc3 c6 4.Nf3 d5 5.h3 Nf6 6.e5 Ne4 7.Nxe4 dxe4 8.Ng5 c5
9.c3 cxd4 10.Qxd4 Qa5 11.Qc4 O-O 12.Nxf7 Rxf7 13.Qxc8+ Rf8 14.Qxb7 Bxe5 15.Bc4+ Kh8
16.O-O Qc5 17.Be3 Qxc4 18.Qxa8 Bc7 19.Qxa7 Nd7 20.Qd4+ Qxd4 21.Bxd4+ e5 22.Be3 Rb8
23.Rfd1 Nf6 24.Bg5 Nh5 25.Rd7 Bb6 26.a4 Nf4 27.a5 Bxf2+ 28.Kxf2 Rxb2+ 29.Kf1 Nxg2
30.Rad1 Kg8 31.Re7  1-0

[Event "EYb18"]
[Site "Herceg Novi MNE"]
[Date "2008.09.18"]
[Round "4"]
[White "Blomqvist,E"]
[Black "Kopylov,Al2"]
[Result "0-1"]
[WhiteElo "2322"]
[BlackElo "2421"]

1.e4 g6 2.d4 Bg7 3.Nc3 c6 4.Nf3 d6 5.Be2 Nf6 6.O-O O-O 7.Re1 Qc7 8.Bf4 Nbd7
9.e5 Nh5 10.Bg5 dxe5 11.Nxe5 Nxe5 12.Bxh5 Rd8 13.Bf4 f6 14.Be2 Bf5 15.Be3 Kh8
16.Qc1 Nf7 17.Bc4 e5 18.dxe5 Nxe5 19.Bf1 Ng4 20.Bf4 Qb6 21.Re2 Re8 22.Nd1 g5
23.Bg3 Bg6 24.h3 Nh6 25.c3 Nf5 26.Bh2 Bh6 27.Qd2 Rxe2 28.Bxe2 Rd8 29.Qe1 Re8
30.Qf1 Qd8 31.g4 Qd2 32.gxf5 Rxe2 33.Ne3 Bh5 34.Rd1 Qxb2 35.Rd8+ Kg7 36.Bd6 Qxc3
37.Rd7+ Kg8 38.Rd8+ Kf7 39.Qg2 Qe1+ 40.Nf1 Qb1 41.Kh2 Qb6 42.Rb8 Rxf2 43.Rxb7+ Ke8
44.Rxb6 Rxg2+ 45.Kxg2 axb6 46.Ng3 Bf7 47.a3 Bf8  0-1

[Event "EYb18"]
[Site "Herceg Novi MNE"]
[Date "2008.09.22"]
[Round "7"]
[White "Sarenac,D"]
[Black "Kasela,S"]
[Result "1-0"]
[WhiteElo "2222"]
[BlackElo "1979"]

1.e4 c6 2.d4 g6 3.Nc3 Bg7 4.Nf3 d5 5.h3 dxe4 6.Nxe4 Nd7 7.Bd3 Ngf6 8.O-O O-O
9.Re1 Nxe4 10.Bxe4 Qc7 11.c3 e5 12.dxe5 Nxe5 13.Nd4 c5 14.Nb3 Be6 15.Bg5 h6
16.Bh4 f5 17.Bd5 Bf7 18.f4 Nc6 19.Qf3 c4 20.Nd2 Qb6+ 21.Re3 Qxb2 22.Rd1 Bxd5
23.Qxd5+ Kh7 24.Nxc4 Qxa2 25.Rd2 Qa4 26.Rde2 Bxc3 27.Rxc3 Qa1+ 28.Be1 Rad8
29.Qc5 Rd1 30.Rce3 Rf7 31.Kf2 Qf6 32.Nb2 b6 33.Qc3 Rd4 34.g3 Nd8 35.Nd3 Qd6
36.Ne5 Rc7 37.Qb3 g5 38.fxg5 f4 39.g6+ Kg7 40.Rf3 fxg3+ 41.Kg2 Ne6 42.Bxg3 Rd2
43.Rxd2 Qxd2+ 44.Rf2  1-0

[Event "Tatry Open"]
[Site "Tatranske Zruby SVK"]
[Date "2008.09.27"]
[Round "1"]
[White "Goga,F"]
[Black "Karlik,V"]
[Result "0-1"]
[WhiteElo "1975"]
[BlackElo "2301"]

1.e4 g6 2.d4 Bg7 3.Nc3 c6 4.Be3 d5 5.exd5 cxd5 6.Bd3 Nc6 7.Nge2 Nh6 8.h3 a6
9.Qd2 Nf5 10.Bxf5 Bxf5 11.Ng3 Be6 12.Nce2 h5 13.Nf4 Qd7 14.Nxe6 Qxe6 15.Ne2 Qd7
16.O-O-O O-O-O 17.Kb1 Kb8 18.Nc1 e6 19.Nb3 Bf8 20.a3 Be7 21.Qe2 Ka8 22.Rd3 Rc8
23.Rc3 Na7 24.Rxc8+ Rxc8 25.Nc5 Bxc5 26.dxc5 e5 27.Rd1 d4 28.c3 Qf5+ 29.Qc2 Qxc2+
30.Kxc2 dxe3 31.fxe3 Rxc5 32.Rd7 f5 33.Rd6 Rc6 34.Rd8+ Nc8 35.Re8 e4 36.g4 hxg4
37.hxg4 Ka7 38.gxf5 gxf5 39.Rf8 Ne7 40.Rf7 Nd5 41.Kd2 Rf6 42.Rd7 Nb6 43.Rd4 Rd6
44.b3 Rxd4+ 45.exd4 f4  0-1

[Event "Liga Nacional Ajedrez"]
[Site "Villa Martelli ARG"]
[Date "2008.09.27"]
[Round "8"]
[White "Obregon,A"]
[Black "Fulgenzi,E"]
[Result "1-0"]
[WhiteElo "2399"]
[BlackElo "2358"]

1.e4 g6 2.d4 Bg7 3.Nc3 c6 4.Nf3 d5 5.h3 Nf6 6.e5 Ne4 7.Bd3 Nxc3 8.bxc3 c5
9.dxc5 Nc6 10.Qe2 Qa5 11.Bd2 Qxc5 12.O-O O-O 13.Rab1 a6 14.Rb3 Na5 15.Rb4 Nc4
16.Bxc4 dxc4 17.Be3 Qa5 18.a4 b5 19.Rd1 Bb7 20.axb5 axb5 21.Nd4 e6 22.Bg5 Rfb8
23.Be7 Bd5 24.Bd6 Rb7 25.Qe3 Bf8 26.Bxf8 Rxf8 27.h4 Rfb8 28.h5 Qd8 29.Nc6 Qh4
30.Nxb8 Rxb8 31.h6 g5 32.Rd4 Qh5 33.f3 Kh8 34.Rg4 Rg8 35.Rxb5 Qxh6 36.Qd2 Qg6
37.f4 Qe4 38.Rxg5 Rxg5 39.fxg5 Kg7 40.Rb8 Kg6 41.Qf2 Qxe5 42.Rg8+ Kh5 43.Qxf7+ Kg4
44.Qf2 Qxc3 45.g6 Qa1+ 46.Qf1 Qd4+ 47.Kh1 h5 48.g7 h4 49.Qe2+ Kg5 50.Rh8 Qxg7
51.Qh5+ Kf4 52.Qxh4+ Ke3 53.Qe1+ Kd4 54.Qd2+  1-0

[Event "Podillya It"]
[Site "Khmelnitsky UKR"]
[Date "2008.09.28"]
[Round "2"]
[White "Pavlov,S2"]
[Black "Onischuk,V"]
[Result "1/2-1/2"]
[WhiteElo "2433"]
[BlackElo "2506"]

1.e4 g6 2.d4 Bg7 3.Nc3 c6 4.Bc4 d6 5.Qf3 e6 6.Nge2 Nd7 7.O-O Qe7 8.Bb3 e5
9.Bg5 Ngf6 10.Rad1 h6 11.Bh4 O-O 12.Qe3 g5 13.Bg3 Nh5 14.f3 Nf4 15.Bf2 Kh8
16.dxe5 Bxe5 17.Qd2 Nc5 18.Be3 Nxe2+ 19.Nxe2 f5 20.exf5 Bxf5 21.Bd4 Kh7 22.Rfe1 Qg7
23.Bxe5 dxe5 24.Ng3 Bg6 25.c3 Nd3 26.Re3 Rad8 27.Bc2 Nf4 28.Qc1 Bxc2 29.Qxc2+ Qg6
30.Ne4 Rxd1+ 31.Qxd1 Nd5 32.Re1 g4 33.fxg4 Rf4 34.Ng3 e4 35.c4 Nf6 36.h3 Qg5
37.Qd6 h5 38.Ne2 Rf3 39.Qe7+ Kg6 40.Nc3 Re3 41.gxh5+ Kxh5 42.Rf1 Rf3 43.Re1 Re3
44.Rf1 Rf3 45.Re1 Re3  1/2-1/2

[Event "Tatry Open"]
[Site "Tatranske Zruby SVK"]
[Date "2008.09.29"]
[Round "3"]
[White "Csala,J"]
[Black "Karlik,V"]
[Result "1/2-1/2"]
[WhiteElo "2175"]
[BlackElo "2301"]

1.e4 g6 2.d4 Bg7 3.Nc3 c6 4.Nf3 d6 5.Bc4 b5 6.Bb3 a5 7.a4 b4 8.Ne2 Nf6 9.Ng3 Ba6
10.Be3 O-O 11.Qd2 Ng4 12.Bg5 h6 13.h3 Nxf2 14.Bxh6 Nxh1 15.Bxg7 Kxg7 16.Nf5+ gxf5
17.Qg5+ Kh7 18.Qxf5+ Kg7 19.Qg4+ Kh6 20.Qg5+ Kh7 21.Qh5+ Kg7 22.Qg5+  1/2-1/2

[Event "ch-Commonwealth"]
[Site "Nagpur IND"]
[Date "2008.09.30"]
[Round "3"]
[White "Mas,H"]
[Black "Niji,A1"]
[Result "1-0"]
[WhiteElo "2386"]
[BlackElo "2015"]

1.e4 g6 2.d4 Bg7 3.Nc3 c6 4.Be3 d6 5.Qd2 b5 6.f3 a6 7.h4 h5 8.Nh3 Nd7 9.Nf2 Nb6
10.b3 Nf6 11.Be2 Qc7 12.Nd3 Bb7 13.a4 Rd8 14.O-O c5 15.dxc5 dxc5 16.Qe1 b4
17.a5 Nbd7 18.Na4 Bh6 19.Bxh6 Rxh6 20.Qc1 Rh8 21.c3 bxc3 22.Qxc3 Rb8 23.Rac1 Qg3
24.Qe1 Qd6 25.Qf2 c4 26.bxc4 Qa3 27.Ra1 Qd6 28.Rfd1 Qc7 29.Nb6 Nxb6 30.axb6 Qxc4
31.Rdc1 Qe6 32.Nc5 Qxb6 33.Rab1 Qc6 34.Qe3 Ba8 35.Nxa6 Qd7 36.Rc8+ Qxc8 37.Rxb8  1-0

[Event "ch-Commonwealth"]
[Site "Nagpur IND"]
[Date "2008.10.01"]
[Round "5"]
[White "Hardik,Me"]
[Black "Soman,S"]
[Result "1/2-1/2"]
[WhiteElo "2037"]
[BlackElo "2251"]

1.e4 g6 2.d4 Bg7 3.Nc3 c6 4.Nf3 d5 5.Bd3 dxe4 6.Nxe4 Bg4 7.c3 Nd7 8.h3 Bxf3
9.Qxf3 Ngf6 10.O-O O-O 11.Bg5 Qb6 12.Qe2 Rae8 13.a4 a5 14.Rfe1 Nxe4 15.Bxe4 Kh8
16.Qd2 f5 17.Bb1 e5 18.dxe5 Nxe5 19.Ba2 c5 20.Bd5 c4 21.Rad1 h5 22.Re2 Nd3
23.Bxc4 Rxe2 24.Qxe2 Ne5 25.Bb5 f4 26.Bh6 Bxh6 27.Qxe5+ Bg7 28.Qd6 Qxd6 29.Rxd6 Rf6
30.Rxf6 Bxf6 31.Kf1 Kg7 32.Ke2 Be5 33.Kd3 Kf6 34.b4 b6 35.bxa5 bxa5 36.c4 h4
37.c5 g5 38.Ke4 Bc7 39.Kd5 Ke7 40.Kc6 Kd8 41.Kb7 Be5 42.Be2 Bc7 43.Bg4 Be5
44.Kb6 Bc7+ 45.Kc6 Bb8 46.Kd5 Ke7 47.Bf5 Bc7 48.Kc6 Kd8 49.Bd7 Bb8 50.Bg4  1/2-1/2

[Event "Podillya It"]
[Site "Khmelnitsky UKR"]
[Date "2008.10.03"]
[Round "11"]
[White "Simonian,H"]
[Black "Onischuk,V"]
[Result "0-1"]
[WhiteElo "2452"]
[BlackElo "2506"]

1.e4 g6 2.d4 Bg7 3.Nc3 c6 4.Be3 d6 5.a4 Nf6 6.h3 O-O 7.Nf3 a5 8.Qd2 Nbd7
9.Be2 e5 10.dxe5 dxe5 11.Qd6 Re8 12.Bc4 Bf8 13.Qd3 Bb4 14.O-O Qe7 15.Ng5 Rf8
16.Nd1 h6 17.Nf3 Kg7 18.Bc1 Rh8 19.c3 Bc5 20.Ne3 Bb6 21.Qc2 Nc5 22.Nd2 Ne6
23.Bxe6 Bxe6 24.Ndc4 Bc7 25.b3 Nh5 26.Ng4 Bxg4 27.hxg4 Nf4 28.Bxf4 exf4 29.Qd1 Rad8
30.Qf3 h5 31.gxh5 Rxh5 32.Rfd1 b5 33.axb5 cxb5 34.Nb2 Rdh8 35.Kf1 Re5 36.Ke2 Rxe4+
37.Kd2 Rd8+ 38.Nd3 Qe6 39.Rab1 a4 40.Kc1 Bd6 41.Nc5 Bxc5 42.Rxd8 axb3 43.Rxb3 Bxf2
44.Rb2 Be3+ 45.Kb1 Qf5 46.Rc2 b4 47.g4 fxg3 48.Qh1 Bh6 49.Rd3 b3  0-1

[Event "ch-Commonwealth"]
[Site "Nagpur IND"]
[Date "2008.10.03"]
[Round "7"]
[White "Minhazuddin,A"]
[Black "Niji,A1"]
[Result "1/2-1/2"]
[WhiteElo "2339"]
[BlackElo "2015"]

1.e4 g6 2.d4 Bg7 3.Nc3 c6 4.Nf3 d6 5.h3 Nd7 6.a4 e5 7.Bc4 Ngf6 8.dxe5 dxe5
9.Qd6 Qe7 10.Qxe7+ Kxe7 11.b3 h6 12.Ba3+ Ke8 13.O-O-O Bf8 14.Bxf8 Kxf8 15.Rd6 Kg7
16.Rhd1 a5 17.g4 Re8 18.g5 hxg5 19.Nxg5 Re7 20.Rg1 Nb6 21.Be2 Rd7 22.Rxd7 Bxd7
23.Nf3 Re8 24.Rg5 Bxh3 25.Rxe5 Rxe5 26.Nxe5 Bg2 27.f3 Nfd7 28.Nd3 g5 29.Kd2 Kg6
30.Nd1 Bh3 31.f4 f5 32.N3f2 g4 33.Ne3 fxe4 34.Nxe4 Nd5 35.f5+ Kh5 36.c4 Nf4
37.f6 Nxe2 38.Kxe2 Kg6 39.f7 b6 40.Nd6 Kf6 41.c5 bxc5 42.Ne4+ Ke7 43.Kf2 Nf8
44.Nc4 Kxf7 45.Nxa5 Ke6 46.Nb7 Kd7 47.Nbxc5+ Kc7 48.a5 Nd7 49.Ne6+ Kb7 50.Nd4 c5
51.Nd6+ Ka6 52.Nc6 Nf6 53.Kg3 Nh5+ 54.Kh4 Nf6 55.Nc4 Ne4 56.Nb8+ Kb7 57.Nd7 Ka6
58.Nde5 Nf6 59.Ne3 Nd5  1/2-1/2

[Event "TCh-BEL 2008-9"]
[Site "Belgium BEL"]
[Date "2008.10.05"]
[Round "1"]
[White "Laurent,Ju"]
[Black "Cekro,E"]
[Result "1/2-1/2"]
[WhiteElo "2337"]
[BlackElo "2419"]

1.e4 g6 2.d4 Bg7 3.Nc3 c6 4.Nf3 d6 5.Be3 Bg4 6.Bc4 e6 7.h3 Bxf3 8.Qxf3 Nd7
9.O-O Ne7 10.Qg3 d5 11.Bb3 O-O 12.Qh4 Bf6 13.Bg5 Bxg5 14.Qxg5 f6 15.Qe3 Re8
16.Rfe1 Kg7 17.Re2 f5 18.exd5 exd5 19.Rae1 Nf6 20.Qf4 Qd7 21.Re5 Neg8 22.Ne2 Nh6
23.Nc1 Nf7 24.Rxe8 Rxe8 25.Rxe8 Nxe8 26.Nd3 Ned6 27.Ne5 Qe7 28.Nxf7 Nxf7
29.c4 dxc4 30.Bxc4 Nd6 31.Bd3 Qf6 32.Kf1 Nf7 33.Bc4 Nd6 34.Bd3 Nf7 35.Bc4  1/2-1/2

[Event "Chigorin Memorial"]
[Site "St Petersburg RUS"]
[Date "2008.10.05"]
[Round "2"]
[White "Zykova,Ant"]
[Black "Utkin,Alek"]
[Result "0-1"]
[WhiteElo "2092"]
[BlackElo "2359"]

1.e4 g6 2.d4 Bg7 3.Nc3 c6 4.h3 d6 5.f4 e5 6.dxe5 Qh4+ 7.Ke2 dxe5 8.Nf3 Qe7
9.fxe5 Bxe5 10.Nxe5 Qxe5 11.Be3 Nf6 12.Qd4 Nbd7 13.Qxe5+ Nxe5 14.Bd4 Nfd7
15.Kf2 O-O 16.Be2 b6 17.Rhf1 Bb7 18.Kg3 Rfe8 19.a4 f6 20.a5 Kg7 21.a6 Bc8
22.b4 Nf8 23.b5 c5 24.Be3 Be6 25.Rad1 Bc4 26.Bxc4 Nxc4 27.Bc1 Rad8 28.Rd5 Ne6
29.Bf4 g5 30.Bc1 Nd4 31.Rf2 h6 32.h4 Rxd5 33.exd5 Re1 34.Bxg5 hxg5 35.d6 Nxd6  0-1